|
|
|
|
| LEADER |
01959nam a2200325 u 4500 |
| 001 |
10064774 |
| 003 |
upatras |
| 005 |
20210117201257.0 |
| 008 |
071206s2007 gr gre |
| 040 |
|
|
|a ΠΑΝΕΠΙΣΤΗΜΙΟ ΠΑΤΡΑΣ
|c ΠΑΝΕΠΙΣΤΗΜΙΟ ΠΑΤΡΑΣ
|
| 041 |
0 |
|
|a gre
|
| 082 |
0 |
4 |
|a 616.129
|
| 084 |
|
|
|a QU 55.7
|
| 100 |
1 |
|
|a Γκιζάς, Σπυρίδων Ι.
|9 57931
|
| 245 |
1 |
0 |
|a Ο ρόλος της εξωκυττάριας ουσίας στην καρδιακή ανεπάρκεια
|c Σπυρίδων Ι. Γκιζάς; Πανεπιστήμιο Πατρών, Ιατρική Σχολή
|
| 260 |
|
|
|a [χ.τ.]
|b [χ.ό.]
|c 2007
|
| 300 |
|
|
|a 119 σ.
|b εικ.
|c 30 εκ.
|
| 500 |
|
|
|a Πρόγραμμα μεταπτυχιακών σπουδών στις βασικές ιατρικές επιστήμες
|
| 504 |
|
|
|a Περιλαμβάνει βιβλιογραφία
|
| 650 |
|
4 |
|a Μοριακή βιολογία
|9 835
|
| 650 |
|
4 |
|a Καρδιά
|x Ασθένειες
|x Διάγνωση
|9 57932
|
| 710 |
2 |
|
|9 2771
|a Πανεπιστήμιο Πατρών
|b Σχολή Επιστημών Υγείας
|b Τμήμα Ιατρικής
|e Σχολή Επιστημών Υγείας
|e Τμήμα Ιατρικής
|
| 852 |
|
|
|a GR-PaULI
|b ΠΑΤΡΑ
|b ΒΚΠ
|b ΑΝΕ
|k ΔΙΠΛΩΜΑΤΙΚΗ
|h 616.129 ΓΚΙ
|m 090540
|p 025000160566
|t 1
|
| 852 |
|
|
|a GR-PaULI
|b ΠΑΤΡΑ
|b ΙΑΤΡΙΚΗ
|k ΔΙΑΤΡΙΒΗ-10
|h QU 55.7 ΓΚΙ
|m Δ/001126
|p 025000173101
|t 1
|
| 856 |
|
|
|u http://nemertes.lis.upatras.gr/jspui/handle/10889/579
|
| 942 |
|
|
|2 ddc
|c BKTD
|
| 952 |
|
|
|0 0
|1 0
|4 0
|6 616_129000000000000_ΓΚΙ
|7 0
|9 63954
|a LISP
|b LISP
|c RES
|d 2016-04-24
|i 090540
|l 0
|o 616.129 ΓΚΙ
|p 025000160566
|r 2016-04-24 00:00:00
|t 1
|w 2016-04-24
|y BKTD
|
| 952 |
|
|
|0 0
|1 0
|4 0
|6 QU_55_700000000000000_ΓΚΙ
|7 0
|9 63955
|a MEDI
|b MEDI
|d 2016-04-24
|i Δ/001126
|l 0
|o QU 55.7 ΓΚΙ
|p 025000173101
|r 2016-04-24 00:00:00
|t 1
|w 2016-04-24
|y BKTD
|
| 998 |
|
|
|c ΜΑΝΙΑΚΗ
|d 2007-12
|
| 999 |
|
|
|c 41081
|d 41081
|